000 00540nam a2200181Ia 4500
005 20250326124229.0
008 250326s9999 xx 000 0 und d
037 _aTextbook
040 _aFMSL
_beng
_cFMSL
041 _aeng
_2eng
084 _aX:51'N6t5 K7
_qFMSL
100 _aMiller E C
_9736951
245 0 _aMarketing planning: approaches of selected compaines
_cMiller E C
260 _aUSA
_bUSA, American Management Association
_c1967
300 _a101p
942 _cTB
_hX:51'N6t5 K7
999 _c1272856
_d1272856